00709cam a2200193 4500008004100000020001500041035001200056050002200068100003700090245011400127250001100241260003300252300002100285504001900306650004900325650004000374650005100414651005000465090331s2004 mx 000 0 spa u a9700746666 aa48067504aJL1240 bC37 20041 aCastellanos Hernández, Eduardo10aGobernabilidad democrática en la transición y alternancia en México /cEduardo Castellanos Hernández. a1a ed. aMéxico :bPorrúa, c2004 a215 p. ;c23 cm. aIncluye indice 7aPoder ejecutivo zMéxico xHistoria 2Lemb 7aPoder legislativo zMéxico 2Lemb 7aSufragio zMéxico xHistoria y1988- 2Lemb 7aMéxico xPolitica y gobierno y1994- 2Lemb